| 000 | 00509nam a2200181Ia 4500 | ||
|---|---|---|---|
| 005 | 20250923144435.0 | ||
| 008 | 008 250917s9999 xx 000 0 eng d | ||
| 037 | _aTextual | ||
| 040 |
_aDSWL _beng _cDSWL |
||
| 041 |
_aeng _2eng |
||
| 084 |
_aX:75, H4 _qDSWL |
||
| 100 |
_aHAYEK, F.A. _9824917 |
||
| 245 | 4 |
_aThe road to serfdom _cby F.A. HAYEK |
|
| 260 |
_aChicago _bChicago University Press _c1944 |
||
| 300 | _a250 p. | ||
| 942 |
_cTEXL _hX:75, H4 |
||
| 999 |
_c1438918 _d1438918 |
||